000 00414nam a2200181Ia 4500
008 210210b1964 xxu||||| |||| 00| 0 eng d
041 _aeng
082 _a829/1116
100 _aTHACKERAY (W M)
245 _aVanity fair: Dodd Ed
260 _aLondon
_bMacmillan & Co. Ltd.
_c1964
650 _aVanity
650 _afair:
650 _aEd
650 _aDodd
690 _aEnglish Fiction
906 _a017729
999 _c137713
_d137713